| 000 | 00000nas 2200000za 4500 |
| 001 | 9.506741 |
| 003 | CaOODSP |
| 005 | 20231011133206 |
| 007 | cr ||||||||||| |
| 008 | 150406d20002001xxc|| p o||||f| |0eng|d |
| 040 | |aCaOODSP|beng |
| 043 | |an-cn--- |
| 086 | 1 |aIu61-5E-PDF |
| 245 | 00|aKey statistics on ICT infrastructure, use and content. |
| 264 | 1|aOttawa, Ontario : |bIndustry Canada, |c2000-2001. |
| 310 | |aAnnual |
| 362 | 1 |aBegan with 2000; ceased with 2001. |
| 690 | 07|aInformation technology|2gcpds |
| 690 | 07|aTelecommunications|2gcpds |
| 710 | 1 |aCanada.|bIndustry Canada. |bSpectrum, Information Technologies and Telecommunications, |eissuing body. |
| 775 | 08|tStatistiques clés sur l'infrastructure, l'utilisation et le contenu des TIC.|w(CaOODSP)9.503134 |